Quizzes
Events
Quiz Creation
Community
Videos
Private Events
Remove Ads
Sign In
Join for FREE
Feedback
Dark Mode
Quiz Categories
Sports
Geography
Music
Movies
Television
Just For Fun
Miscellaneous
History
Literature
Language
Science
Gaming
Entertainment
Religion
Holiday
For Kids
Quiz Lab
Recent
Popular Today
Quiz Kudos Today
Editor Picks
Curator Picks
Quizzes by...
Day
Popularity
Type
Ratings
Length
Year
Community
Subscriptions
Recent Discussions
Orange Saloon
Badges
Playlists
Quests
Create
Leaderboards
Showdown
Live 5
Trivia Bingo
Activity
Puzzle Library
Sporcle Events
Private Events
Virtual Trivia
Globe League
Become a Host
Pub Owners
SporcleCon
Opinionation
Our Games
Videos
Blog
Mobile Apps
Partnerships
Remove Ads and Go Orange
Feedback
Sports
Athletes
MLB
NBA
NHL
NFL
Soccer
Sports Teams
WWE
NCAA
Football
Premier League
Basketball
Baseball
Hockey
Golf
Tennis
Cricket
Rugby
Auto Racing
Olympics
World Cup
Sports
Athletes
MLB
NBA
NHL
NFL
Soccer
Sports Teams
WWE
NCAA
Football
Premier League
Basketball
Baseball
Hockey
Golf
Tennis
Cricket
Rugby
Auto Racing
Olympics
World Cup
Random Quiz
Search Sporcle
×
Quiz Lab
Quiz Lab
Sports
Player
Type in answers that appear in a list
Type in answers that appear in a list
Classic
Best Score? Go Orange.
All 30+ Million Transfers from 2009- 2016 Stats
Can you name all the 30+ Million Transfers from 2009- 2016?
By
Leeves25
6m
38 Questions
82 Plays
82 Plays
82 Plays
Comments
Comments
Give Quiz Kudos
Give Quiz Kudos
-
- Ratings
hide this ad
Replay
Link that replays current quiz
Next Quiz
Link to next quiz in quiz playlist
You Got
0%
They Got
Avg Score
71%
Avg Friend Score
Upgrade to see
Score Distribution
Jump to the score distribution portion of the page
Score
0/38
Timer
06:00
0
Plays Today
Club and Year
Player
% Correct
Manchester United (2016)
Paul Pogba
100%
Real Madrid (2013)
Gareth Bale
100%
Real Madrid (2009)
Cristiano Ronaldo
98.8%
Barcelona (2014)
Luis Suarez
95.1%
Juventus (2016)
Gonzalo Higuain
92.7%
Barcelona (2013)
Neymar
91.5%
Shanghai SIPG (2017)
Oscar
89%
Arsenal (2013)
Mesut Ozil
87.8%
Barcelona (2009)
Zlatan Ibrahimovic
86.6%
PSG (2013)
Edinson Cavani
85.4%
Real Madrid (2014)
James Rodriguez
84.1%
AS Monaco (2013)
James Rodriguez
84.1%
AS Monaco (2013)
Radamel Falcao
82.9%
Manchester City (2011)
Sergio Aguero
79.3%
PSG (2012)
Thiago Silva
78%
Chelsea (2011)
Fernando Torres
76.8%
Manchester United (2014)
Angel Di Maria
75.6%
Manchester City (2015)
Raheem Sterling
75.6%
PSG (2015)
Angel Di Maria
75.6%
Club and Year
Player
% Correct
Manchester United (2015)
Anthony Martial
72%
Shanghai SIPG (2016)
Hulk
70.7%
Real Madrid (2009)
Kaka
69.5%
PSG (2014)
David Luiz
68.3%
Manchester City (2016)
John Stones
65.9%
Arsenal (2016)
Granit Xhaka
65.9%
Liverpool (2011)
Andy Carroll
62.2%
Manchester City (2016)
Leroy Sane
61%
Manchester City (2008)
Robinho
59.8%
Manchester City (2015)
Kevin De Bruyne
57.3%
Real Madrid (2009)
Karim Benzema
57.3%
Manchester United (2014)
Juan Mata
56.1%
Liverpool (2016)
Sadio Mane
56.1%
Arsenal (2016)
Shkodran Mustafi
53.7%
PSG (2011)
Javier Pastore
51.2%
PSG (2013)
Lucas Moura
43.9%
Jiangsu Suning (2016)
Alex Teixeira
42.7%
Liverpool (2015)
Christian Benteke
36.6%
Guangzhou Evergrande (2016)
Jackson Martinez
31.7%
Quiz Playlist
Details
Report
Send in Message
Add To Playlist
Classic:
Type in answers that appear in a list
Last Updated: Jun 16, 2017
Quiz Scoreboard
CHALLENGE
Sign Up to Join the Scoreboard
Show All
Scores
Hide
Comments
May contain spoilers
Recently Published
Presidents Visiting Landmarks
by Hejman
History
7m
An Introduction to Baseball
by treessimontrees
Sports
5m
Movies - When Are They Set?
by FPL_Elf
Movies
5m
More to Explore
Quiz From the Vault
Featured Blog Post
Where Did the Easter Bunny Come From?
hide this ad
You Might Also Like...
Tags
2016
biggest
club
fee
Player
present
price
Transfer
Today's Top Quizzes in Sports
Browse Sports
hide this ad
Today's Top Quizzes in Player
Browse Player
Top Contributed Quizzes in Sports
1
Les meilleurs buteurs des matchs entre le PSG et l’OM
2
2022 World Cup Stars
3
FIFA Club World Cup Champions
4
Les entraîneurs de l'OM et du PSG au 21e siècle
5
Name the Premier League winners with different clubs
6
La finale Lions - Afrique du Sud 2021
7
5-to-1: UK Sports Teams
8
England Test cricketers to play under Nasser Hussain
9
Players with Multiple 50 Home Run Seasons
10
AFC Teams Reveal (Wrong Answers Minefield)
Explore More
Trending Topics
Marvel
Kpop
Harry Potter
Anime
Crossword
NBA
Disney
Puzzle
NFL
Pokémon
Soccer
WWE
Country
The Office
Song
hide this ad
More By:
Leeves25
Quiz
Plays
Rating
Category
Featured
Created
Arsenal players who have scored 50+ goals for the club
121
Sports
Jun 16, 2017
All 30+ Million Transfers from 2009- 2016
82
Sports
Jun 16, 2017
Go to Creator's Profile
Score Distribution
Quiz Creator Spotlight
Leeves25
Follow
Send a Message
Quizzes Created
-
Created Quiz Play Count
-
More By This Creator
Popular Quizzes Today
1
Find the US States - No Outlines Minefield
2
Find the Countries of Europe - No Outlines Minefield
3
The Countries of the World
4
Find the US States
5
Popular People in 1961
6
US States
7
Risky Map Clicking: Biggest States A-Z
8
Movies - When Are They Set?
More Sports Quizzes
Bundesliga XI: Borussia Dortmund 2011/12
Quiz Lab
Trending Quizzes
Risky Map Clicking: Least Populous States A-Z
1-10 Letter G Words
1-10 Letter F Words
Risky Map Clicking: Next State Alphabetically
Risky Map Clicking: Biggest States A-Z
Recently Updated
Leaping Animals
pecheneg
Reality TV Shows (A-Z)
bhenderson79
Rickey Henderson's Hall of Fame Teammates
pecheneg
Champions League XIs: Arsenal
pecheneg
Quick Pick: Celebrities in WWE's Hall of Fame
aduchscher
A-Z Keypad Blitz II
pecheneg
Multiple Oscar Actors
pecheneg
Mystery Phrase Blitz: Oscar 'Best Actors'
pecheneg
F. Scott Fitzgerald Novels
LTH
Pick 3 Villains
ddd62291
Trending Topics
NBA
Disney
Harry Potter
Anime
Crossword
Marvel
Kpop
The Office
Song
WWE
Puzzle
NFL
Soccer
Pokémon
Country
Your Account Isn't Verified!
In order to create a playlist on Sporcle, you need to verify the email address you used during registration. Go to your
Sporcle Settings
to finish the process.
Report this User
Report this user for behavior that violates our
Community Guidelines
.
Details:
Send Report
Go to the Sporcle.com Mobile Site →
Comments